000 00433nmm a2200145Ia 4500
008 251105s9999||||xx |||||||||||||||||und||
041 _aspa
100 _aLabrecque, Jennifer
245 0 _aEn la cama del enemigo
264 _a[Madrid, España] :
_bHarlequin,
_c[Fecha de publicación no identificada]
300 _a0 páginas
650 _aErotic novel
856 _uhttps://public.digitaliapublishing.com/a/90663
942 _cCF
999 _c103163
_d103163